| 000 | 01503cam a22001814a 4500 | ||
|---|---|---|---|
| 005 | 20250605164033.0 | ||
| 008 | 250528s ||||||||||||||||||||||||d | ||
| 035 | _a16698 | ||
| 040 |
_aGR-AtMCL _bgre _dGR-AtMCL _eAACR2 |
||
| 245 | 1 | _aΑγγλική Δακτυλογραφία / Με Γραφομηχανή και Ηλεκτρονικό Υπολογιστή | |
| 260 |
_bΣύγχρονη Εκδοτική, _c1995 |
||
| 300 | _a246 | ||
| 520 | _aΠρόλογος, Εισαγωγή, Προεισαγωγικές Γνώσεις του Τυφλού Συστήματος, Λειτουργία και Εξαρτήματα Γραφομηχανών, Οι Γνώσεις του Χειριστή για τον Υπολογιστή και τα Προγράμματα Επεξεργασίας Κειμένου, Οι Απαιτήσεις για Εύκολη Εκμάθηση του Πληκτρολογίου, Εκτυπώσεις για Εύκολη Εκμάθηση του Πληκτρολογίου, Απομνημόνευση Πληκτρολογίου, Ασκήσεις Απομνημόνευσης Γραμματικού Πληκτρολογίου, Αριθμητικό Πληκτρολόγιο, Η Σωστή Δακτυλογράφηση, Η Τεχνική της Παρουσίασης της Εμπορικής Επιστολής, Μέτρηση Επίδοσης - Ταχύτητας. | ||
| 700 | 1 |
_aΜαυρομανωλάκης Μιχάλης _92789 |
|
| 942 | _cBK | ||
| 999 |
_c2173 _d2173 |
||